| 000 | 01763nam0a2200349 i 4500 | ||
|---|---|---|---|
| 001 | RU\NLR\BIBL_A\011117004 | ||
| 005 | 20260406094207.0 | ||
| 010 |
_a9785000684849 _9500 |
||
| 021 |
_aRU _b2016-28272 _91817 |
||
| 035 | _a(NILC)RuMoRGB-008273546 | ||
| 035 | _a(NLR Aleph) 011117004 | ||
| 090 |
_a11497564 _c11497564 |
||
| 100 | _a20160428d2016 km y0rusy50 ca | ||
| 101 | 0 | _arus | |
| 102 | _aRU | ||
| 105 | _ay z 100yy | ||
| 200 | 1 |
_aЗаконность и правопорядок в современном обществе _eсборник материалов XXVIII Международной научно-практической конференции, г. Новосибирск, 22 января, 29 февраля 2016 г. _fпод общ. ред. С. С. Чернова |
|
| 210 |
_aНовосибирск _cЦРНС _d2016 |
||
| 215 |
_a149 с. _d21 |
||
| 300 | _aВ надзаг.: Центр развития науч. сотрудничества | ||
| 320 | _aБиблиогр. в конце ст. | ||
| 606 |
_aПраво _jСъезды, совещания и т.п _9894779 _3RU\NLR\AUTH\664055 |
||
| 675 | _a34 | ||
| 686 | 1 | _aХ.я431 | |
| 702 | 1 |
_4340 _8rus _7ca _aЧернов _bС. С. _cканд. экон. наук _f1979- _gСергей Сергеевич _3RU\NLR\AUTH\7768307 _951235 |
|
| 711 | 1 | 2 |
_a"Законность и правопорядок в современном обществе", международная научно-практическая конференция _d28 _eНовосибирск _f2016 _9516305 _3RU\NLR\AUTH\880425881 |
| 801 | 0 |
_aRU _bРГБ _c20160407 _gRCR |
|
| 942 | _cBOOK | ||
| 980 | _aNBR | ||